Electronic Devices and Circuits / (Record no. 32676)

000 -LEADER
fixed length control field 00409nam a22001697a 4500
003 - CONTROL NUMBER IDENTIFIER
control field NUST
020 ## - INTERNATIONAL STANDARD BOOK NUMBER
International Standard Book Number 81-203-29812
038 ## - RECORD CONTENT LICENSOR
Staff Name khadija
082 ## - DEWEY DECIMAL CLASSIFICATION NUMBER
Classification number 621.3815
Author Mark KUM
100 ## - MAIN ENTRY--PERSONAL NAME
Personal name Kumar Balbir
9 (RLIN) 83370
245 ## - TITLE STATEMENT
Title Electronic Devices and Circuits /
Statement of responsibility, etc. Balbir Kumar
260 ## - PUBLICATION, DISTRIBUTION, ETC.
Place of publication, distribution, etc. New Delhi:
Name of publisher, distributor, etc. Prentice Hall,
Date of publication, distribution, etc. 2007.
300 ## - PHYSICAL DESCRIPTION
Extent 710 p.
Other physical details 22 cm.
500 ## - GENERAL NOTE
General note Paperback.
563 ## - BINDING INFORMATION
Binding note PB
942 ## - ADDED ENTRY ELEMENTS (KOHA)
Koha item type Book
Source of classification or shelving scheme
Holdings
Withdrawn status Lost status Source of classification or shelving scheme Damaged status Not for loan Permanent Location Current Location Shelving location Date acquired Full call number Barcode Date last seen Price effective from Koha item type
          School of Mechanical & Manufacturing Engineering (SMME) School of Mechanical & Manufacturing Engineering (SMME) General Stacks 10/13/2015 621.3815 KUM SMME-1468 03/29/2018 10/13/2015 Book
          School of Mechanical & Manufacturing Engineering (SMME) School of Mechanical & Manufacturing Engineering (SMME) General Stacks 04/25/2016 621.381 SIN SMME-2478 04/03/2018 04/25/2016 Book
© 2023 Central Library, National University of Sciences and Technology. All Rights Reserved.